Southville International School and Colleges
Your cart is empty.
  • Cart
  • Lists
    Public lists Eva Luna New books Lux_list list_1
    Your lists Log in to create your own lists
  • Log in to your account
  • Your cookies
  • Search history
Southville International School and Colleges
  • Advanced search
  • Recent comments
  • Most popular
  • Libraries

Log in to your account

Log in with GOOGLE


If you do not have an external account, but do have a local account, you can still log in:

  1. Home
  2. MARC view: Introduction to digital accounting /
Normal view MARC view ISBD view

Introduction to digital accounting / (Record no. 48235)

[ view plain ]
MARC details
000 -LEADER
fixed length control field 00561nam a2200193Ia 4500
008 - FIXED-LENGTH DATA ELEMENTS--GENERAL INFORMATION
fixed length control field 140321s9999 xx 000 0 und d
020 ## - INTERNATIONAL STANDARD BOOK NUMBER
International Standard Book Number 9788192426433
050 ## - LIBRARY OF CONGRESS CALL NUMBER
Classification number HF 5679
Item number .G872 2013
100 ## - MAIN ENTRY--PERSONAL NAME
Personal name Griver, Aidan
245 ## - TITLE STATEMENT
Title Introduction to digital accounting /
Statement of responsibility, etc Aidan Griver.
260 ## - PUBLICATION, DISTRIBUTION, ETC. (IMPRINT)
Place of publication, distribution, etc New Delhi :
Name of publisher, distributor, etc Random Experts,
Date of publication, distribution, etc c2013.
300 ## - PHYSICAL DESCRIPTION
Extent 248 p. :
Dimensions 24 cm.
500 ## - GENERAL NOTE
General note Includes bibliographical references and index.
521 ## - TARGET AUDIENCE NOTE
Target audience note
650 ## - SUBJECT ADDED ENTRY--TOPICAL TERM
Topical term or geographic name as entry element Accounting
General subdivision Software.
650 ## - SUBJECT ADDED ENTRY--TOPICAL TERM
Topical term or geographic name as entry element Business planning.
942 ## - ADDED ENTRY ELEMENTS (KOHA)
Call number prefix Foreign
Koha item type Books
Holdings
Withdrawn status Lost status Damaged status Home library Current library Shelving location Date acquired Total Checkouts Full call number Barcode Date last seen Price effective from Koha item type
      College Library College Library Reserve Section 03/21/2014   HF 5679 .G872 2013 C17518 05/15/2018 03/21/2014 Books

Introduction to digital accounting /

APA

Griver A., . (2013). Introduction to digital accounting. New Delhi: Random Experts.

Chicago

Griver Aidan, . 2013. Introduction to digital accounting. New Delhi: Random Experts.

Harvard

Griver A., . (2013). Introduction to digital accounting. New Delhi: Random Experts.

MLA

Griver Aidan, . Introduction to digital accounting. New Delhi: Random Experts. 2013.

  • Place hold
  • Print
  • Cite
  • Add to your cart (remove)
  • Save record
    BIBTEX Dublin Core MARCXML MARC (non-Unicode/MARC-8) MARC (Unicode/UTF-8) MARC (Unicode/UTF-8, Standard) MODS (XML) RIS
  • More searches
    Search for this title in:
    Other Libraries (WorldCat) Other Databases (Google Scholar) Online Stores (Bookfinder.com) Open Library (openlibrary.org)

Exporting to Dublin Core...

SOUTHVILLE LIBRARY

Southville International School and Colleges Library

1281 Tropical Ave. Cor. Luxembourg St., BF Homes International, Las Pinas City

Tel. No. 8256374 / 252358 Loc. 117/146

Powered by Koha